000 00751nam a2200205Ia 4500
003 SISC
005 20170126143017.0
008 140529s9999 xx 000 0 und d
020 _a9780415497541
050 _aHF 3751.7
_b.In57 2011
245 _aInternational institutions and Asian development /
_cedited by Shiro Armstrong and Vo Tri Thanh.
260 _aLondon ; New York :
_bRoutledge,
_c2011.
300 _a218 pages ;
_c24 cm.
500 _aIncludes bibliographical references and index.
650 _aGeneral Agreement on Tariffs and Trade (Organization)
_xCongresses.
650 _aInternational agencies
_xAsia --Congresses.
650 _aInternational agencies
_xPacific Area --Congresses.
942 _kFOR
_cBK
_2lcc
999 _c117697
_d117697